Répliques du film RRRrrrr ! - Statistiques

Statistiques générales
  • Ce quiz a été pris 218 fois
    171 depuis la dernière actualisation
  • Le résultat moyen est 8 sur 15
Statistiques - réponses
Répliques Personnages du film % Correct
Très bien, on va faire l’appel. Pierre ? Le chef
90%
Vous connaissez ma femme ? Le chef
88%
Tu vois au début je t’aimais pas beaucoup. Mais là plus le temps passe, et moins je peux te saquer. Le Blond
78%
J'm'appelle Pierre, PIERRE ! B.L.O.N.D ! Le Blond
78%
Le 9 mai 1969, à deux kilomètres de la frontière nord du Laos, La 101ème Division d’Infanterie de l’armée américaine progresse vers la colline 937. Pour eux c’est une simple reconnaissance. Pour les Viêt-Cong, la colline 937 est une zone stratégique. La dizaine d’appelés de la 101ème Division, peu formée au combat, devait effectuer cette mission de routine en moins de deux heures. Ils résisteront héroïquement pendant neuf jours. Ce film ne raconte pas leur histoire. Le narrateur
78%
Je vais te réciter un court poème : « Le ciel ». Le bouclé
76%
Ça fait deux morts là, ça commence à être ennuyeux ! Après ça va être qui ? Ça va être toi, après ça va être toi, après ça va être toi... Bon là ça va. Mais après ça va être moi. Et là ça va être triste. Le chef
73%
Ça va être tout noir ! Le préveneur de nuit
60%
Et de quelle tribu vient-tu Guy ? Le guérissologue
51%
Et si on changeait de place ? Le chef
37%
Arrêteuuu c'est un grain de beauté ! Guy
36%
Vous n’hésitez pas, même si c’est pour boire un coup, passez à ma grotte. Le préveneur de nuit
28%
Un grain de bOOté, ça exprime ta bOOOté ! Le bouclé
25%
J’ai toujours été frisé, mon grand père était frisé, mon père était frisé, mes enfants et mes petits enfants étaient frisés. Le bouclé
22%
Faut faire un trou, en fait. Le piégeur
7%
Aucun quiz correspondant
Distribution des résultats
% des personnes avec chaque résultat
Percentile par nombre de réponses
Votre historique - résultats
Vous n’avez pas pris ce quiz depuis la dernière actualisation